Sports and exerxise physiology / (Record no. 37771)

MARC details
000 -LEADER
fixed length control field 00699nam a22001937a 4500
005 - DATE AND TIME OF LATEST TRANSACTION
control field 20100726153121.0
010 ## - LCCN (DPL NO)
LC control number ENG-97008
020 ## - INTERNATIONAL STANDARD BOOK NUMBER
International Standard Book Number 8175245913
Terms of availability 700.00
035 ## - SYSTEM CONTROL NUMBER
System control number EN-80541
037 ## - SOURCE OF ACQUISITION
Source of stock number/acquisition DBAD/PUB
082 ## - DEWEY DECIMAL CLASSIFICATION NUMBER
Classification number 612.042
100 ## - MAIN ENTRY--PERSONAL NAME
Personal name Tuppekar, Rajendra
245 ## - TITLE STATEMENT
Title Sports and exerxise physiology /
Statement of responsibility, etc by Rajendra Tuppekar
260 ## - PUBLICATION, DISTRIBUTION, ETC. (IMPRINT)
Place of publication, distribution, etc New delhi
Name of publisher, distributor, etc Khel Sahitya Kendra
Date of publication, distribution, etc 2010
270 ## - ADDRESS
Address 7/26, Ansari Road, Daryaganj
City New Delhi
Postal code 110002
300 ## - PHYSICAL DESCRIPTION
Extent 328p.
Dimensions 22cm (Hb)
942 ## - ADDED ENTRY ELEMENTS (KOHA)
Source of classification or shelving scheme Dewey Decimal Classification
Item type English Books
Classification part 612.042
Call number suffix TUP
Holdings
Withdrawn status Lost status Not for loan Collection code Home library Current library Date acquired Source of acquisition Cost, normal purchase price Full call number Barcode Copy number Cost, replacement price Koha item type
    Not For Loan Non-fiction D.B.Act.Division D.B.Act.Division 26/07/2010 DBAD/PUB 700.00 612.042 TUP EN-80541 1 700.00 English Books

© Delhi Public Library
Hit Counter
free hit counter